Celebrity Name Jumble Quiz Stats

 Plays Quiz not verified by Sporcle

Score 0/19 Timer 10:00
0 Plays Today
Hint Answer % Correct
wlil tsimhWill Smith
98.2%
usinjt ibrbeeJustin Bieber
92.7%
knci ojnsaNick Jonas
90.9%
utijsn lketmerbiaJustin Timberlake
89.1%
yrtoal ftiwsTaylor Swift
87.3%
msa imshtSam Smith
87.3%
odatka nigfannDakota Fanning
87.3%
ikm rkdaihsnaaKim Kardashian
85.5%
iagnalen eoljiAngelina Jolie
83.6%
ygig zaelaaIggy Azalea
81.8%
Hint Answer % Correct
rahyr telsysHarry Styles
80%
ylime ycusrMiley Cyrus
80%
seree nothsrpwoieReese Witherspoon
80%
elsnae zmgeoSelena Gomez
74.5%
de rensehaEd Sheeran
72.7%
ndklale nrenjeKendall Jenner
61.8%
iaml uksinMila Kunis
40%
lianl ohrnaNiall Horan
38.2%
oyńbeceBeyońce
27.3%

You're not logged in!

Compare scores with friends on all Sporcle quizzes.
OR
Log In

Show Comments

Extras

Top Quizzes Today


Score Distribution

Your Account Isn't Verified!

In order to create a playlist on Sporcle, you need to verify the email address you used during registration. Go to your Sporcle Settings to finish the process.

Report this User

Report this user for behavior that violates our Community Guidelines.

Details: